Living embryos : (Record no. 68141)
[ view plain ]
| 000 -LEADER | |
|---|---|
| fixed length control field | 00972nam a2200253 a 4500 |
| 001 - CONTROL NUMBER | |
| control field | 68141 |
| 003 - CONTROL NUMBER IDENTIFIER | |
| rucl marc code | BD-RjUL |
| 005 - DATE AND TIME OF LATEST TRANSACTION | |
| control field | 20211209081732.0 |
| 008 - FIXED-LENGTH DATA ELEMENTS--GENERAL INFORMATION | |
| fixed length control field | 170330r19671963enka 001 0 eng c |
| 035 ## - SYSTEM CONTROL NUMBER | |
| System control number | (BD-RjUL)68351 |
| 040 ## - CATALOGING SOURCE | |
| Original cataloging agency | DLC/ICU |
| Transcribing agency | CGU |
| Modifying agency | BD-RjUL |
| Language of cataloging | eng |
| 041 ## - LANGUAGE CODE | |
| Language code of text/sound track or separate title | eng |
| 082 0# - DEWEY DECIMAL CLASSIFICATION NUMBER | |
| Classification number | 591.33 |
| Edition number | 23 |
| Author mark and year | CoL 1967 |
| 100 1# - MAIN ENTRY--PERSONAL NAME | |
| Personal name | Cohen, Jack. |
| 9 (RLIN) | 201996 |
| 245 10 - TITLE STATEMENT | |
| Title | Living embryos : |
| Remainder of title | an introduction to the study of animal development / |
| Statement of responsibility, etc. | Jack Cohen |
| 260 ## - PUBLICATION, DISTRIBUTION, ETC. (IMPRINT) | |
| Place of publication, distribution, etc. | Oxford : |
| Name of publisher, distributor, etc. | Pergamon Press ; |
| Place of publication, distribution, etc. | New York : |
| Name of publisher, distributor, etc. | Macmillan, |
| Date of publication, distribution, etc. | 1963, [reprinted 1967] |
| 300 ## - PHYSICAL DESCRIPTION | |
| Pagination | ix, 116 p. : |
| Illustrations | ill. ; |
| Size | 20 cm. |
| 490 1# - SERIES STATEMENT | |
| Series statement | Commonwealth and international library of science, technology, engineering, and liberal studies. Zoology division ; |
| Volume/sequential designation | v. 1 |
| 500 ## - GENERAL NOTE | |
| General note | "183." |
| General note | Errata slip mounted on p. 27. |
| 650 #0 - SUBJECT ADDED ENTRY--TOPICAL TERM | |
| Topical term or geographic name as entry element | Embryology. |
| 9 (RLIN) | 201997 |
| 830 #0 - SERIES ADDED ENTRY--UNIFORM TITLE | |
| Uniform title | Commonwealth and international library of science, technology, engineering, and liberal studies. |
| Volume number/sequential designation | v. 1 |
| 942 ## - ADDED ENTRY ELEMENTS (KOHA) | |
| Source of classification or shelving scheme | Dewey Decimal Classification |
| Koha item type | Books |
| Lost status | Source of classification or shelving scheme | Damaged status | Not for loan | Collection code | Permanent Location | Current Location | Shelving location | Date acquired | Source of acquisition | Cost, normal purchase price | Total Checkouts | Full call number | Date last seen | Copy number | Koha item type |
|---|---|---|---|---|---|---|---|---|---|---|---|---|---|---|---|
| Dewey Decimal Classification | Not For Loan | Non-fiction | Central Library, University of Rajshahi | Central Library, University of Rajshahi | Reading Room | 02/06/1970 | Zeitlinger | 25.00 | 591.33 CoL 1967 | 30/03/2017 | C-1 | Books |